00625nam a2200181Ia 4500008004100000020001800041041000800059082001500067100002200082245003900104260001900143300000800162365001600170700003800186906003800224999001900262952016200281230718s9999 xx 000 0 und d a9788181284129 aeng a629.8bROF aRoffel B.9192057 aAdvanced Practical Process Control c2008bSpringer a309 cRs.b795.00 aRoffel B. & Betlem B.H.L.9192058 dB:258105-Oct-2011cME INSb993.75 c329113d329113 00104070aCCEPbCCEPd2011-11-24eOm Book StallfME INSg596.25i2581l0o629.8pCCEP-BK-40320r2023-07-18 00:00:00t993.75v795.00w2011-10-05yBKz040320